"Kilka błędów popełnionych przez dobrych rodziców" - Myslovitz tekst - Statystyki

Ogólne statystyki
  • Ten quiz został rozwiązany 33 razy
  • Średni wynik to 109 z 143
Statystyki odpowiedzi
Hint Odpowiedź % Poprawnych
genetycznie
100%
Jest
100%
. Jestem
100%
jestem
100%
Nie
100%
nie
100%
obciążony
100%
przez
100%
przytłoczony
100%
sobie
100%
w
100%
Was
100%
a
91%
Chyba
91%
Co
91%
co
91%
Czuję
91%
da
91%
jak
91%
mnie
91%
się
91%
wielką
91%
za
91%
coraz
82%
Dla
82%
głowę
82%
golę
82%
ktoś
82%
ludzi
82%
mi
82%
mniej
82%
nic
82%
nich
82%
niepotrzebny
82%
nikt
82%
przegrany
82%
słabość
82%
tłumie
82%
Zawsze
82%
zawsze
82%
biorę
73%
bycia
73%
chociaż
73%
Chociaż
73%
i
73%
mam
73%
miłym
73%
naprawić
73%
Nienawidzę
73%
niewidzialny
73%
pomóż
73%
powiedz
73%
Powiedz
73%
Tak
73%
tak
73%
teraz
73%
tylko
73%
zrobić
73%
Bo
64%
budzić
64%
dziś
64%
jaki
64%
jedynym
64%
kupuję
64%
najlepszym
64%
niechęć
64%
Przecież
64%
przykładem
64%
Spróbuj
64%
uwielbiam
64%
wiem
64%
wychowany
64%
zasadzie
64%
że
64%
złe
64%
zostałem
64%
coś
55%
dawałeś
55%
raz
55%
robić
55%
rzeczy
55%
szedłem
55%
Tym
55%
Chciałbym
45%
chciałbym
45%
potrafię
45%
młodzi
36%
oni
36%
piękni
36%
spróbować
36%
stać
36%
wszyscy
36%
zdolni
36%
Nie znaleziono quizów pasujących do podanych kryteriów
Rozkład punktacji
Procent ludzi z każdym wynikiem
Percentyl według liczby udzielonych odpowiedzi
Twoja historia wyników
Nie rozwiązałeś tego quizu